Tilastot visalle Maakuntavisa - Kainuu

Klikkaa tästä pelataksesi tätä visaa!

Yleistilastot

  • Tätä visaa on pelattu 240 kertaa
    (211 viimeisimmän päivityksen jälkeen)
  • Keskiarvotulos 12 / 15

Vastaustilastot

VihjeVastaus% Oikein
Väkirikkain kaupunkiKajaani
98%
Iso osa tämän eepoksen runoista on kerätty Kainuun seudultaKalevala
95%
Ainoa maakunta, joka on Kainuuta harvemmin asutettuLappi
93%
NaapurimaakunnatPohjois-Pohjanmaa
91%
NaapurimaakunnatPohjois-Savo
90%
NaapurimaakunnatPohjois-Karjala
88%
Suomen ensimmäinen presidenttiKaarlo Ståhlberg
88%
Talvisodan taistelu, jossa alivoimaiset suomalaisjoukot tuhosivat
Neuvostoliiton divisioonan
{Raatteen} tie
85%
Kyseisen eepoksen koonnut henkilöElias Lönnrot
81%
Toiseksi väkirikkain kuntaSotkamo
72%
Pinta-alaltaan suurin järvi (vihje: kaupunki Suomessa)Oulujärvi
71%
Maisema-alue, johon maakunta kuuluu{Vaara}-Suomi
70%
Karulta kuulostava maakuntalaulu{Nälkä}maan laulu
70%
Kaupungin perustanut ruotsalainen kreiviPietari Brahe
50%
Paltamossa syntynyt yksi Suomen merkittävimmistä kirjailijoistaEino Leino
35%

Tulosjakauma

Persentiili vastausten määrän mukaan

Jokaisen tuloksen saaneiden osuus

Tuloshistoriasi

Et ole pelannut tätä visaa sen viimeisimmän päivityksen jälkeen